Quiz sur le film Harry Potter et la Chambre des Secrets - Statistiques

Statistiques générales
  • Ce quiz a été pris 61 fois
  • Le résultat moyen est 8 sur 19
Statistiques - réponses
Information Réponse % Correct
Actrice (HG) Emma Watson
88%
Acteur (HP) Daniel Radcliffe
86%
Acteur (RW) Rupert Grint
82%
Année de sortie 2002
76%
Titre original Harry Potter and the Chamber of Secrets
68%
Actrice (GW) Bonnie Wright
54%
Acteur (AD) Richard Harris
52%
Acteur (RH) Robbie Coltrane
46%
Réalisateur Chris Colombus
38%
Acteur (LM) Jason Isaacs
36%
Distributeur Warner Bros
36%
Scénariste Steve Kloves ( D'après le livre de JK Rowling)
34%
Musiques John Williams
28%
Acteur (GL) Kenneth Branagh
28%
Durée 161 minutes
16%
Acteur (TEJ) Christian Coulson
14%
Producteur David Heyman
14%
Budget 100 000 000 $
6%
Entrée au box office (France) 9 144 701 entrées
2%
Aucun quiz correspondant
Distribution des résultats
% des personnes avec chaque résultat
Percentile par nombre de réponses
Votre historique - résultats
Vous n’avez pas pris ce quiz